000 00589nam a22001817a 4500
005 20260301123324.0
010 _aBACEN26
020 _a9789373594866
_c525.00
037 _bS. Chand
082 _a000
100 _aSaini, Abhas
_987928
245 _aSuper Practice Sets for SSC CGL & CHSL Mains/
_cAbhas Saini
260 _aDelhi
_bS. Chand And Company Limited
_c2025
270 _aA-27, 2nd Floor, Mohan Co-operative Industrial Estate
_bDelhi
_e110044
300 _a223p.
_c26cm(pb)
500 _aMaths & Reasoning 50 Set (Section 1)
942 _2ddc
_cEN
_h000
_mSAI
999 _c215049
_d215049